000 00345nam a2200145 i 4500
001 bg
100 1 _aMisiak, Jan
_d(1942- ).
245 1 0 _aMechanika ogólna.
_nT. 1 /
_cJan Misiak.
250 _aWyd. 3 uzup. i popr.
260 _aWarszawa,
_c1989.
040 _cBPK
041 _apol
942 _cKS
008 s pl f |000 0 pol
999 _c4053
_d4053
856 _uhttp://koha.tu.koszalin.pl/cgi-bin/koha/opac-detail.pl?biblionumber=4053
_yKatalog online BPK